|
|
|
|
| LEADER |
00000nab a2200000 a 4500 |
| 001 |
vtls000659558 |
| 003 |
SK-MaSNL |
| 005 |
20260303172544.0 |
| 008 |
140402c1998 xo 0 slo |
| 015 |
|
|
|a SNBRA1998/05-12113
|
| 035 |
|
|
|a CLN000011750
|
| 040 |
|
|
|a SNKBUCL
|b slo
|c SNKBUCL
|e AACR2
|
| 041 |
0 |
|
|a slo
|
| 044 |
|
|
|a xo
|c SK
|
| 080 |
|
|
|a 284.1
|2 1997
|
| 100 |
1 |
|
|a Kišš, Igor,
|d 1932-2018
|4 aut
|9 89390
|
| 245 |
1 |
0 |
|a Môže sa kresťan rozviesť?
|b etický výhľad prof. Igora Kišša
|
| 610 |
|
7 |
|a Evanjelická cirkev a.v. na Slovensku
|x rozvod
|2 snkbucl
|9 1198128
|
| 655 |
|
7 |
|a články z novín a časopisov
|2 snkbucl
|9 267496
|
| 773 |
0 |
|
|t Evanjelický posol spod Tatier
|g Roč. 88, č. 20 (1998), s. 4
|
| 850 |
|
|
|a Slovenská národná knižnica v Martine
|
| 852 |
|
|
|a SNK
|b KIS3GCP
|
| 992 |
|
|
|a RBX
|
| 999 |
|
|
|c 2087128
|d 2089058
|